[Event "DEN-chT"]
[Site "DEN"]
[Date "1991.??.??"]
[Round "2"]
[White "Andersen, Jan Ivan"]
[Black "Jensen, Rene"]
[Result "1-0"]
[WhiteElo "2215"]
[BlackElo "2295"]

1.d4 Nf6 2.c4 e6 3.Nf3 Bb4+ 4.Bd2 Bxd2+ 5.Qxd2 b6 6.Nc3 Bb7 7.e3 O-O 8.Bd3 d5
9.cxd5 exd5 10.Ne5 c5 11.O-O Nc6 12.Nxc6 Bxc6 13.Ne2 c4 14.Bf5 g6 15.Bc2 Ne4
16.Bxe4 dxe4 17.Qc2 Bd5 18.Nc3 Re8 19.Rac1 Rc8 20.Qa4 Re7 21.Rc2 Bb7 22.Qb4 Rd7
23.Rfc1 a5 24.Qb5 f6 25.Na4 Rd6 26.Rxc4 Rxc4 27.Qxc4+ Bd5 28.Qa6 Qd7 29.Nxb6 Rc6
30.Qa8+ Kf7 31.Rxc6 Qxc6 32.Qxc6 Bxc6 33.Kf1 Bb5+ 34.Ke1 Ke6 35.Kd2 Kd6 36.Kc3 Bf1
37.g3 Kc6 38.Nc4 a4 39.Kb4 Bd3 40.Na5+ Kd5  1-0

[Event "DEN-ch"]
[Site "DEN"]
[Date "1991.??.??"]
[Round "9"]
[White "Schandorff, Lars"]
[Black "Holst, Allan"]
[Result "1-0"]
[WhiteElo "2425"]
[BlackElo "2300"]

1.d4 Nf6 2.c4 e6 3.Nf3 Bb4+ 4.Bd2 Qe7 5.g3 Nc6 6.Nc3 Bxc3 7.Bxc3 Ne4 8.Qc2 Nxc3
9.Qxc3 Qb4 10.Rc1 Ke7 11.Qxb4+ Nxb4 12.a3 Nc6 13.d5 Nd8 14.Nd4 c5 15.Nb5 d6
16.f4 Bd7 17.Nc3 Rb8 18.e3 a6 19.b4 b6 20.bxc5 bxc5 21.Kd2 Rb2+ 22.Rc2 Rb3
23.Ra2 Nb7 24.Bd3 Na5 25.Kc2 h6 26.Rb1 Rhb8 27.Rab2 Rxb2+ 28.Rxb2 Rxb2+ 29.Kxb2 e5
30.Nd1 f6 31.Nf2 Kd8 32.Kc3 Kc7 33.g4 Nb7 34.h3 Kd8 35.Bg6 Ke7 36.Ne4 Nd8
37.Ng3 Nf7 38.Kb3 Nh8 39.Bf5 Be8 40.Bc8 exf4 41.exf4 Ng6 42.Nf5+ Kd8 43.Bxa6 Nxf4
44.Nxd6 Nxh3 45.Bb5 Bxb5 46.cxb5 Nf2 47.b6 Nxg4 48.Nf7+ Kc8 49.d6  1-0

[Event "Telecom op"]
[Site "Dublin"]
[Date "1991.??.??"]
[Round "?"]
[White "Orr, Mark J L"]
[Black "Arkell, Keith C"]
[Result "1-0"]
[WhiteElo "2370"]
[BlackElo "2450"]

1.d4 Nf6 2.c4 e6 3.Nf3 Bb4+ 4.Bd2 Qe7 5.g3 Nc6 6.Bg2 Bxd2+ 7.Nbxd2 d6 8.O-O a5
9.e4 e5 10.d5 Nb8 11.Ne1 h5 12.h3 Nbd7 13.Nd3 b6 14.b3 Nc5 15.Qe2 h4 16.g4 Nxd3
17.Qxd3 Nd7 18.Qe3 Qf6 19.a3 Nf8 20.b4 Ng6 21.c5 bxc5 22.bxc5 Ba6 23.Rfc1 Nf4
24.Bf1 Bxf1 25.Nxf1 dxc5 26.Rxc5 Rb8 27.Rxc7 O-O 28.Rac1 Rb2 29.R7c2 Rfb8
30.Nd2 Qa6 31.Kh2 Kh7 32.Nc4 Rxc2 33.Rxc2 f6 34.Qd2 Rb3 35.Rc3 Qb5 36.Rxb3 Qxb3
37.Ne3 Qxa3 38.d6 Qb4 39.Qd1 Qb2 40.Qf3 Qa3 41.Qd1 Qb2 42.Qf3 Qb3 43.g5 fxg5
44.d7 Qd3 45.Qg4 Qd2 46.Qf5+ Kg8 47.Ng4 Qd3 48.Nxe5 Qd4 49.Ng4 Qd6 50.Qb5 Ne6+
51.e5 Qe7 52.Qd5 Kf7 53.Ne3 g6 54.Nc2 Kg7 55.Nd4 Nd8 56.e6 Qf6 57.Kg2 a4
58.Qc5 a3 59.e7 a2  1-0

[Event "Telecom op"]
[Site "Dublin"]
[Date "1991.??.??"]
[Round "?"]
[White "Parker, Jonathan"]
[Black "Lisenko, Alexander V"]
[Result "1/2-1/2"]
[WhiteElo "2310"]
[BlackElo "2380"]

1.d4 Nf6 2.c4 e6 3.Nf3 Bb4+ 4.Bd2 Qe7 5.g3 Nc6 6.Bg2 Bxd2+ 7.Nbxd2 d6 8.O-O a5
9.Rc1 O-O 10.e4 e5 11.d5 Nb8 12.Ne1 Na6 13.Nd3 Bd7 14.Qe2 Nb4 15.Nxb4 axb4
16.Ra1 c5 17.dxc6 bxc6 18.Rfd1 Be6 19.Nf1 Rfd8 20.Ne3 Qa7 21.b3 Qc5 22.Rd2 Ra5
23.Nc2 Qb6 24.Ne1 Ne8 25.Rad1 f6 26.Nd3 Nc7 27.Nc1 Qc5 28.Nd3 Qb6 29.Nc1 Qc5
30.Nd3 Qb6 31.Nc1 d5 32.cxd5 cxd5 33.exd5 Nxd5 34.Kh1 Rc8 35.Qe1 Rcc5 36.Ne2 Kf7
37.Kg1 Nc3 38.Nxc3 Rxc3 39.Rd6 Qc7 40.R6d2 Rc2 41.Rxc2 Qxc2 42.Be4 Qc3 43.Qe2 g6
44.h4 f5 45.Bg2 e4 46.Kh2 Bd5 47.Bh3 Kf6 48.Bg2 h5 49.Bh3 Ke5 50.Bg2 Kf6  1/2-1/2

[Event "NLD-ch sf"]
[Site "Enschede"]
[Date "1991.??.??"]
[Round "5"]
[White "Hoeksema, Hendrik Pieter"]
[Black "Knoppert, Erik G J"]
[Result "1/2-1/2"]
[WhiteElo "2390"]
[BlackElo "2325"]

1.d4 Nf6 2.c4 e6 3.Nf3 Bb4+ 4.Bd2 Qe7 5.g3 b6 6.Bg2 Bb7 7.O-O Bxd2 8.Qxd2 O-O
9.Nc3 Ne4 10.Nxe4 Bxe4 11.Qf4 d5 12.cxd5 exd5 13.Rac1 c5 14.dxc5 bxc5 15.Qe5 Qd8
16.Rfd1  1/2-1/2

[Event "Espoo op"]
[Site "Espoo"]
[Date "1991.??.??"]
[Round "1"]
[White "Manninen, Marko"]
[Black "Karner, Hillar"]
[Result "1/2-1/2"]
[WhiteElo "2310"]
[BlackElo "2350"]

1.d4 Nf6 2.c4 e6 3.Nf3 Bb4+ 4.Bd2 Qe7 5.g3 Bxd2+ 6.Qxd2 d6 7.Bg2 e5 8.Nc3 O-O
9.O-O Re8 10.e4 Bg4 11.Ne1 exd4 12.Qxd4 Be6 13.b3 a5 14.Nc2 Nc6 15.Qd2 a4
16.Ne3 axb3 17.axb3 Rxa1 18.Rxa1 Rc8 19.f4 Qd8 20.Rd1 Ng4 21.Ned5 Na5 22.h3 c6
23.hxg4 Bxg4 24.Rb1 cxd5 25.Nxd5 Be6 26.Qd4 Nc6 27.Qb6 Bxd5 28.Qxd8+ Nxd8
29.exd5 Kf8 30.Bh3 Rc7 31.Kf2 g6 32.Ke3 b5 33.cxb5 Rc3+ 34.Kd4 Rxg3 35.Bc8 Rf3
36.b6 Rxf4+ 37.Kc3 h5 38.b7 Nxb7 39.Bxb7 h4 40.Bc8 Ke7 41.Kd3 Kd8 42.Ke3 g5
43.Bh3 Rb4 44.Bf5 Rf4 45.Be4 f5 46.Bd3 Ke7 47.Rf1 Rxf1 48.Bxf1 Kf6 49.Kd4 g4
50.b4 h3 51.Ke3 h2 52.Bg2 Ke5 53.Kf2 f4 54.Bh1 f3 55.Kg3 Kxd5 56.Kxg4  1/2-1/2

[Event "Espoo op"]
[Site "Espoo"]
[Date "1991.??.??"]
[Round "3"]
[White "Raisa, Unto"]
[Black "King, Daniel J"]
[Result "0-1"]
[WhiteElo "2260"]
[BlackElo "2545"]

1.d4 e6 2.Nf3 Nf6 3.c4 Bb4+ 4.Bd2 Qe7 5.a3 Bxd2+ 6.Nbxd2 d6 7.e3 e5 8.dxe5 dxe5
9.Be2 O-O 10.O-O c5 11.Nb1 Rd8 12.Qc2 e4 13.Nfd2 Nc6 14.Nc3 Bf5 15.Rfd1 b6
16.Nf1 Bg6 17.Rxd8+ Rxd8 18.Rd1 Re8 19.Nd5 Nxd5 20.Rxd5 f5 21.Rd1 h5 22.Qd2 Rd8
23.Qc2 Re8 24.Qd2 Ne5 25.b3 h4 26.f4 exf3 27.Bxf3 Bf7 28.h3 g6 29.Bd5 Rd8
30.Bxf7+ Nxf7 31.Qc2 Rxd1 32.Qxd1 Qe4 33.Kf2 Qe5 34.a4 Nd6 35.Kg1 Kg7 36.Qd3 Ne4
37.Qd7+ Kh6 38.Qd8 Qf6 39.Qxf6 Nxf6 40.Nd2 g5 41.Kf2 g4 42.e4 Kg5 43.exf5 Kxf5
44.Ke3 Ke5 45.hxg4 Nxg4+ 46.Kf3 Nh6 47.Ke3 Nf5+ 48.Kf3 a5 49.Kg4 Ne3+ 50.Kxh4 Nxg2+
51.Kg3 Ne1 52.Kf2 Nc2 53.Nf3+ Ke4 54.Ke2 Nd4+ 55.Nxd4 cxd4 56.Kd2 d3 57.b4 axb4
58.c5 bxc5 59.a5 Kd5  0-1

[Event "FIN-chT"]
[Site "FIN"]
[Date "1991.??.??"]
[Round "?"]
[White "Norri, Joose"]
[Black "Nokso Koivisto, Antti"]
[Result "1/2-1/2"]
[WhiteElo "2325"]
[BlackElo "2370"]

1.d4 Nf6 2.c4 e6 3.Nf3 Bb4+ 4.Bd2 Bxd2+ 5.Qxd2 d5 6.Nc3 O-O 7.e3 Qe7 8.Rc1 Rd8
9.Qc2 Nbd7 10.Bd3 dxc4 11.Bxc4 c5 12.O-O cxd4 13.Nxd4 Ne5 14.Be2 Bd7 15.Qb3 Be8
16.Rfd1 Rac8 17.Bb5 Bxb5 18.Qxb5 Ng6 19.Qa5 a6 20.Na4 Nd5 21.Nb6 Nxb6 22.Qxb6 h6
23.Nb3 Rxd1+ 24.Rxd1 Rc2 25.Qd8+ Qxd8 26.Rxd8+ Kh7 27.Rd2 Rc7  1/2-1/2

[Event "Forli op"]
[Site "Forli"]
[Date "1991.??.??"]
[Round "2"]
[White "Novikov, Igor A"]
[Black "Becker, Marc"]
[Result "1-0"]
[WhiteElo "2545"]
[BlackElo "2260"]

1.d4 Nf6 2.c4 e6 3.Nf3 Bb4+ 4.Bd2 Qe7 5.g3 O-O 6.Bg2 a5 7.O-O Bxd2 8.Qxd2 d6
9.Nc3 Nbd7 10.Rac1 c6 11.e4 e5 12.b3 exd4 13.Nxd4 Nc5 14.Rfe1 Qc7 15.Rcd1 Rd8
16.e5 Ne8 17.exd6 Nxd6 18.Nxc6 bxc6 19.Qxd6 Qxd6 20.Rxd6 Bb7 21.Red1 Rdc8
22.Ne4 Nxe4 23.Bxe4 g6 24.Rd7 Rab8 25.Re7 Rf8 26.Rdd7 Bc8 27.Ra7 Rb6 28.Rec7 Bh3
29.Bg2 Bf5 30.Rxc6 Rd8 31.Bd5 Rxc6 32.Bxc6 Rd2 33.Rxa5 Bh3 34.f4 f5 35.Ra7 h5
36.b4 Rd1+ 37.Kf2 Rd2+ 38.Ke3 Rxh2 39.b5 Rb2 40.c5  1-0

[Event "FRA-chT"]
[Site "FRA"]
[Date "1991.??.??"]
[Round "?"]
[White "Hebden, Mark"]
[Black "Pira, Davoud"]
[Result "1/2-1/2"]
[WhiteElo "2475"]
[BlackElo "2345"]

1.d4 Nf6 2.Nf3 e6 3.c4 Bb4+ 4.Bd2 a5 5.g3 O-O 6.Bg2 d5 7.Qc2 c6 8.O-O b6
9.Bf4 Bd6 10.Bxd6 Qxd6 11.Nbd2 Ba6 12.Rfe1 Nbd7 13.e4 dxe4 14.Nxe4 Nxe4 15.Rxe4 Nf6
16.Re5 c5 17.dxc5 bxc5 18.Rd1 Qc7 19.Re3 Bb7 20.Ne5 Bxg2 21.Kxg2 Rfd8 22.Red3 Rd4
23.Rxd4 cxd4 24.Qe2 Rd8 25.Nf3 Qc5 26.Qe5 Qxc4 27.Rxd4 Qc8 28.Qxa5 Rxd4 29.Nxd4 h5
30.f3 Qc4 31.Qa7 Qd3 32.Qb8+ Kh7 33.Qe5 Qb1 34.Ne2 Qxa2 35.Nf4 Kg8 36.Qd4 Qa5
37.b4 Qa2+ 38.Kh3 Qa8 39.b5 Qxf3 40.Qd8+ Kh7 41.Qd3+ Qxd3 42.Nxd3 Nd7 43.Kg2 Kg6
44.Kf3 Kf5 45.Ke3 e5 46.h3 Ke6 47.g4 g6 48.g5 h4 49.Nf2 f5 50.gxf6 Nxf6 51.Ne4 Nd5+
52.Kf3 Kf5 53.Nd6+ Ke6 54.Nc4 e4+ 55.Kg4 e3 56.Kf3 e2 57.Kxe2 Nc3+ 58.Kf3 Nxb5
59.Kg4 Nd4 60.Kg5 Nf3+ 61.Kxg6  1/2-1/2

[Event "FRA-chT"]
[Site "FRA"]
[Date "1991.??.??"]
[Round "?"]
[White "Anic, Darko"]
[Black "Bersoult, Francois"]
[Result "1/2-1/2"]
[WhiteElo "2430"]
[BlackElo "2220"]

1.d4 Nf6 2.Nf3 e6 3.c4 Bb4+ 4.Bd2 Bxd2+ 5.Qxd2 d5 6.Nc3 O-O 7.e3 Qe7 8.Rc1 Rd8
9.cxd5 exd5 10.Bd3 c6 11.Qc2 Nbd7 12.O-O Re8 13.Nd2 Nf8 14.Rce1 Ne6 15.Nf3 c5
16.dxc5 Qxc5 17.Rd1 b6 18.Nxd5 Nxd5 19.Bxh7+ Kh8 20.Rxd5 Qxd5 21.Be4 Qxa2
22.Bxa8 Ba6 23.Bc6 Bxf1 24.Bxe8 Qa1 25.Qa4 Qc1 26.Qh4+ Kg8 27.Bxf7+ Kxf7
28.Ne5+ Kg8 29.h3 Ba6+ 30.Kh2 Qc7 31.f4 Qd8 32.Qh5 Qf6  1/2-1/2

[Event "FRA-chT"]
[Site "FRA"]
[Date "1991.??.??"]
[Round "?"]
[White "Pinter, Jozsef"]
[Black "Kosten, Anthony C"]
[Result "1/2-1/2"]
[WhiteElo "2565"]
[BlackElo "2515"]

1.d4 Nf6 2.c4 e6 3.Nf3 Bb4+ 4.Bd2 c5 5.Bxb4 cxb4 6.g3 O-O 7.Bg2 d6 8.O-O Nc6
9.a3 bxa3 10.Rxa3 e5 11.Nc3 Bg4 12.dxe5 dxe5 13.h3  1/2-1/2

[Event "ISL-ch"]
[Site "Gardabaer"]
[Date "1991.??.??"]
[Round "10"]
[White "Olafsson, Helgi"]
[Black "Petursson, Margeir"]
[Result "1/2-1/2"]
[WhiteElo "2595"]
[BlackElo "2515"]

1.d4 Nf6 2.c4 e6 3.Nf3 Bb4+ 4.Bd2 c5 5.Bxb4 cxb4 6.g3 O-O 7.Bg2 d6 8.Nbd2 Re8
9.Nf1 a5 10.Ne3 Na6 11.O-O Bd7 12.Qd3 Rb8 13.a3 Bc6 14.Nd2 Qb6 15.Bxc6 bxc6
16.axb4 Nxb4 17.Qc3 c5 18.dxc5 dxc5 19.b3 Red8 20.Nc2 Nc6 21.Rfb1 Rd6 22.Nf3 Rbd8
23.Qe3 h6 24.Nce1 Nb4 25.Ne5 Rd4 26.N5d3 Re4 27.Qf3 Red4 28.Qe3 Re4 29.Qf3 Red4  1/2-1/2

[Event "Garmisch Partenkirchen op"]
[Site "Garmisch Partenkirchen"]
[Date "1991.??.??"]
[Round "?"]
[White "Dautov, Rustem"]
[Black "Cebalo, Miso"]
[Result "1-0"]
[WhiteElo "2570"]
[BlackElo "2540"]

1.d4 Nf6 2.c4 e6 3.Nf3 Bb4+ 4.Bd2 Qe7 5.g3 Nc6 6.Nc3 Bxc3 7.Bxc3 Ne4 8.Rc1 d5
9.Bg2 O-O 10.O-O Rd8 11.Qc2 Bd7 12.Rfd1 Be8 13.a3 a5 14.Ne1 Nxc3 15.Qxc3 e5
16.Qe3 Kf8 17.cxd5 Nxd4 18.Nf3 c5 19.Nxd4 cxd4 20.Qe4 g6 21.f4 f6 22.fxe5 fxe5
23.Rf1+ Kg7 24.Bh3 Kh6 25.Be6 Qg5 26.Rc7 b5 27.Rf8  1-0

[Event "Troll Masters"]
[Site "Gausdal"]
[Date "1991.??.??"]
[Round "1"]
[White "Stone, Raymond"]
[Black "Reeh, Oliver"]
[Result "1/2-1/2"]
[WhiteElo "2325"]
[BlackElo "2470"]

1.d4 Nf6 2.c4 e6 3.Nf3 Bb4+ 4.Bd2 Qe7 5.g3 Nc6 6.Bg2 Bxd2+ 7.Nbxd2 d6 8.e4 e5
9.d5 Nb8 10.h3 O-O 11.O-O a5 12.Ne1 Na6 13.a3 Bd7 14.Nd3 c6 15.Qb3 Rfb8 16.Qb6 a4
17.b4 axb3 18.Nxb3 cxd5 19.cxd5 Ba4 20.Nb2 Bxb3 21.Qxb3 Nc5 22.Qb4 h5 23.h4 Ra6
24.a4 Nfd7 25.Ra3 Rb6 26.Qc3 Ra8 27.Rfa1 Rba6 28.Qb4 Qf6 29.Bf1 R6a7 30.Bh3 Na6
31.Qe1 Nac5 32.Qb4 Na6 33.Qe1 Nac5 34.Qb4  1/2-1/2

[Event "Arnold Cup"]
[Site "Gausdal"]
[Date "1991.??.??"]
[Round "4"]
[White "Antonsen, Mikkel"]
[Black "Jacobs, Byron A"]
[Result "1/2-1/2"]
[WhiteElo "2310"]
[BlackElo "2340"]

1.d4 Nf6 2.c4 e6 3.Nf3 Bb4+ 4.Bd2 Qe7 5.g3 Nc6 6.Bg2 Bxd2+ 7.Nbxd2 d6 8.e4 e5
9.d5 Nb8 10.O-O Bg4 11.h3 Bxf3 12.Qxf3 a5 13.b3 O-O 14.a3 c6 15.h4 Na6 16.Bh3 Qc7
17.Rab1 cxd5 18.cxd5 Qc5 19.b4 axb4 20.axb4 Nxb4 21.Rfc1 Qd4 22.Qc3 Nd3 23.Qxd4 exd4
24.Rd1 Nc5 25.f3 Ra3 26.Bg2 Rc3 27.Rb6 Rd8 28.Nb1 Rb3 29.Rxb3 Nxb3 30.Rd3 Nc1
31.Ra3 b5 32.Bf1 b4 33.Ra4 Rb8 34.Bc4 Nd7 35.Ra6 Ne5 36.Nd2 Nxc4 37.Nxc4 b3
38.Rxd6 Kf8 39.Nb2 d3 40.Kf2 d2 41.Ke3 d1=Q 42.Nxd1 b2 43.Nxb2 Rxb2 44.Ra6 Re2+
45.Kd4 Nb3+ 46.Kc4 Re3 47.e5 Rxe5 48.Kxb3 Rxd5 49.Kc4 Rd1 50.Ra3 Ke7 51.Ra7+ Kf6
52.Ra6+ Kf5 53.g4+ Ke5 54.Ra5+ Ke6 55.Ra6+ Ke5  1/2-1/2

[Event "BL2-N9091"]
[Site "Germany"]
[Date "1991.??.??"]
[Round "?"]
[White "Paulsen, Dirk"]
[Black "Herrmann, M."]
[Result "1/2-1/2"]
[WhiteElo "2350"]
[BlackElo "2265"]

1.d4 Nf6 2.c4 e6 3.Nf3 Bb4+ 4.Bd2 a5 5.g3 O-O 6.Bg2 d5 7.Qc2 Nc6 8.O-O Ne4
9.Be3 a4 10.a3 Be7 11.Rd1 Nd6 12.Nbd2 Nf5 13.Qc3 Bf6 14.g4 Nxe3 15.Qxe3 g6
16.Ne5 Bg7 17.Ndf3 Ne7 18.b4 axb3 19.Qxb3 f6 20.Nd3 g5 21.h4 h6 22.hxg5 hxg5
23.e3 Ra7 24.a4 b6 25.Nb4 Bb7 26.Qc2 Qd7 27.c5 Rfa8 28.Rdc1 bxc5 29.Qxc5 Rxa4
30.Rxa4 Rxa4 31.Nd3 Ba6 32.Nfe1 Rc4 33.Qa3 Rxc1 34.Nxc1 Bc4 35.Ncd3 Kf7 36.Nc5 Qc8
37.Nf3 Qb8 38.Nd2 Bb5 39.Qb3 Qb6 40.e4 Bc6 41.Qh3 Be8 42.e5 fxe5 43.Nf3 Qb1+
44.Bf1 Qg6 45.dxe5 Nc6 46.Bd3 Qh6 47.Qxh6 Bxh6 48.Bb5 Ke7 49.Bxc6 Bxc6 50.Kh2 Bg7
51.Kg3 d4 52.Nxg5 Bxe5+ 53.f4 Bd6 54.Ncxe6 d3 55.Kf2 Bb4 56.Nd4 Bc5 57.Ne6 Bb6
58.Ke3 Bd7 59.Nxc7  1/2-1/2

[Event "BL2-S9091"]
[Site "Germany"]
[Date "1991.??.??"]
[Round "?"]
[White "Gabriel, Christian"]
[Black "Hecht, Hans Joachim"]
[Result "1-0"]
[WhiteElo "2305"]
[BlackElo "2425"]

1.d4 e6 2.Nf3 Nf6 3.c4 Bb4+ 4.Bd2 Qe7 5.g3 O-O 6.Bg2 Bxd2+ 7.Qxd2 d5 8.O-O Rd8
9.Qc2 c6 10.Nbd2 Nbd7 11.e4 dxe4 12.Nxe4 b6 13.Nc3 Bb7 14.Rfe1 Nf8 15.Qa4 c5
16.Qa3 Qc7 17.Nb5 Qc8 18.dxc5 bxc5 19.Rad1 Ne4 20.Rxd8 Qxd8 21.Ne5 a6 22.Nc3 Nd6
23.Qxc5 Rc8 24.Qd4 Bxg2 25.Kxg2 Qc7 26.b3 Nf5 27.Qe4 Qa5 28.Na4 Nd6 29.Qe2 f6
30.Rd1 Qc7 31.c5 Nb5 32.Nc4 e5 33.Nd6 Qc6+ 34.Kg1 Nxd6 35.Rxd6 Qb5 36.Kf1 Ng6
37.Rxa6 Qb7 38.f3 Ne7  1-0

[Event "Regionalliga NordS"]
[Site "Germany"]
[Date "1991.??.??"]
[Round "?"]
[White "Gauglitz, Gernot"]
[Black "Teschner, Rudolf"]
[Result "0-1"]
[WhiteElo "2430"]
[BlackElo "2290"]

1.d4 Nf6 2.Nf3 e6 3.c4 Bb4+ 4.Bd2 a5 5.g3 d5 6.a3 Be7 7.Bg2 dxc4 8.Qa4+ Bd7
9.Qxc4 Bc6 10.Nc3 Nbd7 11.O-O a4 12.Rac1 O-O 13.Rfe1 Nb6 14.Qd3 Bd5 15.Nxd5 exd5
16.Ne5 c6 17.Bc3 Bd6 18.Qc2 Re8 19.Rcd1 Nbd7 20.Nd3 Ne4 21.Bb4 Bc7 22.f3 Nxg3
23.hxg3 Bxg3 24.e4 Bxe1 25.Bxe1 dxe4 26.fxe4 Qg5 27.Qf2 Rxe4 28.Bd2 Qg4 29.Rf1 f6
30.Nf4 g5 31.Kh1 Rxf4 32.Bxf4 Qxf4 33.Qxf4 gxf4 34.d5 Ne5 35.Rxf4 Kg7 36.Rb4 Ra7
37.Rb6 Nd7 38.Rb4 c5 39.Rg4+ Kf7 40.Rh4 Nf8 41.Bf1 Ke7 42.Re4+ Kd6 43.Re8 Nd7
44.Bc4 Ne5 45.Re6+ Kc7 46.Bb5 Ra8 47.Rxf6 Rd8 48.Rh6 Rxd5 49.Bxa4 Rd4 50.b3 Rd1+
51.Kg2 Ra1 52.Rxh7+ Kb6 53.Rh6+ Ka5 54.Rh5 Nd3 55.Kf3 b5 56.Bxb5 Kxb5 57.b4 Nxb4
58.axb4 Kxb4 59.Ke2 c4 60.Rh3 c3 61.Rh8 Kb3 62.Rb8+ Kc2 63.Rc8 Ra7 64.Re8 Rb7  0-1

[Event "Groningen"]
[Site "Groningen"]
[Date "1991.??.??"]
[Round "?"]
[White "Piket, Jeroen"]
[Black "Christiansen, Larry Mark"]
[Result "1-0"]
[WhiteElo "2590"]
[BlackElo "2600"]

1.d4 e6 2.c4 Nf6 3.Nf3 Bb4+ 4.Bd2 a5 5.g3 d6 6.Bg2 Nbd7 7.O-O e5 8.Qc2 O-O
9.Nc3 Re8 10.e4 c6 11.Rad1 Nf8 12.dxe5 dxe5 13.Be3 Qe7 14.Na4 b5 15.cxb5 cxb5
16.Nb6 Rb8 17.a3 Bd6 18.Qc6 Bc7 19.Nxc8 Rexc8 20.Bh3 Ne6 21.Rc1 Ne8 22.Rfd1 Rd8
23.Rxd8 Rxd8 24.Qxb5 Nd4 25.Nxd4 exd4 26.Bg5 f6 27.Bd2 Nd6 28.Qc6 Ne8 29.b4 axb4
30.Bxb4 Bd6 31.Qd5+ Kf8 32.Qxd4 Bxb4 33.Qxb4 Ra8 34.Qxe7+ Kxe7 35.Rc3 Nd6
36.Bf1 g5 37.f3 h5 38.Kf2 Ra4 39.Bd3 g4 40.f4 h4 41.Ke3 Ra5 42.Rc7+ Kd8 43.Rc6 Kd7
44.Ra6 Rc5 45.Kd4 hxg3 46.hxg3 Rh5 47.a4 Rh3 48.e5 fxe5+ 49.fxe5 Nc8 50.Rg6 Rxg3
51.Bf5+  1-0

[Event "Groningen"]
[Site "Groningen"]
[Date "1991.??.??"]
[Round "4"]
[White "Brenninkmeijer, Joris"]
[Black "Christiansen, Larry Mark"]
[Result "1/2-1/2"]
[WhiteElo "2525"]
[BlackElo "2600"]

1.d4 Nf6 2.c4 e6 3.Nf3 Bb4+ 4.Bd2 a5 5.g3 d6 6.Bg2 Nbd7 7.O-O e5 8.e3 c6
9.Bxb4 axb4 10.Qb3 Qa5 11.Nbd2 O-O 12.Rfd1 Nb6 13.c5 e4 14.Ng5 dxc5 15.dxc5 Qxc5
16.Ngxe4 Nxe4 17.Nxe4 Qe7 18.Qd3 Bg4 19.Rdc1 Rfd8 20.Qc2 Ra5 21.Nc5 g6 22.Qe4 Qxe4
23.Bxe4 Bc8 24.Kf1 Na4 25.Nxa4 Rxa4 26.Bc2 Ra5 27.Ke2 b6 28.Bb3 c5 29.a4 bxa3
30.Rxa3 Rb5 31.Rc2 Rb4 32.f3 Bd7 33.Rd2 Bb5+ 34.Ke1 Re8 35.Bd5 Re7 36.e4 Kg7
37.Kd1 f5 38.Kc2 fxe4 39.Bxe4 Be8 40.h4 Bf7 41.Rd6 Rc4+  1/2-1/2

[Event "Guildford"]
[Site "Guildford"]
[Date "1991.??.??"]
[Round "?"]
[White "Parker, Jonathan"]
[Black "Sievers, Stefan"]
[Result "1/2-1/2"]
[WhiteElo "2335"]
[BlackElo "2340"]

1.d4 Nf6 2.c4 e6 3.Nf3 Bb4+ 4.Bd2 c5 5.g3 Qb6 6.Bxb4 Qxb4+ 7.Qd2 Nc6 8.Qxb4 Nxb4
9.Na3 d6 10.dxc5 dxc5 11.Bg2 Ke7 12.Nd2 Rb8 13.O-O a6 14.Rfc1 Rd8 15.Nb3 b6
16.Nc2 Nxc2 17.Rxc2 Bb7 18.Re1 Rd6 19.Nc1 Bxg2 20.Kxg2 e5 21.f3 Rbd8 22.Nd3 e4
23.fxe4 Nxe4 24.Rf1 g5 25.Rf5 Rf6 26.Rxf6 Kxf6 27.Kf3 Rd4 28.b4 Rxc4 29.Rxc4 Nd2+
30.Kg4 Nxc4 31.bxc5 b5 32.c6 a5 33.c7 Nb6 34.e4 b4 35.Kh5 g4 36.Kxg4 Ke7
37.Kg5 Kd7 38.Kh6 Na4 39.Kxh7 Nc3 40.h4 Nxe4 41.g4 Nf6+ 42.Kg7 Nxg4 43.Kxf7 Kxc7
44.Ke6 Kc6 45.h5 Nh6 46.Kf6 Kd5 47.Kg6 Ng8 48.Kf7 Nh6+ 49.Kg6 Ng8 50.Kf7 Nh6+
51.Kg6  1/2-1/2

[Event "Hallsberg op"]
[Site "Hallsberg"]
[Date "1991.??.??"]
[Round "?"]
[White "Jepson, Christian"]
[Black "Holst, Allan"]
[Result "1-0"]
[WhiteElo "2235"]
[BlackElo "2300"]

1.d4 Nf6 2.c4 e6 3.Nf3 Bb4+ 4.Bd2 Qe7 5.g3 Nc6 6.Nc3 Bxc3 7.Bxc3 Ne4 8.Rc1 d6
9.Bg2 O-O 10.O-O Nxc3 11.Rxc3 e5 12.d5 Nd8 13.Nd2 b6 14.f4 exf4 15.gxf4 f5
16.Nb3 Nb7 17.Nd4 Nc5 18.b4 Ne4 19.Bxe4 fxe4 20.Qd2 Bf5 21.Rg3 Kh8 22.e3 Qf6
23.Qg2 Rf7 24.Rg5 g6 25.Kh1 h6 26.Rg3 Kh7 27.a4 a5 28.b5 Rg8 29.Rg1 Rfg7
30.Qf1 Kh8 31.R1g2 Kh7 32.Qf2 Bd7 33.Qg1 Rf7 34.Qb1 Re7 35.Qc2 Bc8 36.Nc6 Ree8
37.Qb2 Qxb2 38.Rxb2 Bd7 39.Nd4 g5 40.Rf2 Ref8 41.f5 h5 42.h4 g4 43.Rf4 Rg7
44.Rg1 Re7 45.Rgf1 Re5 46.Ne6 Rf6 47.Kg2 Kh6 48.Kg3 Kh7 49.Nxc7 Bxf5 50.Na8 Kg6
51.Nxb6 Re7 52.c5 dxc5 53.Nc4 Re8  1-0

[Event "Hamburg SKA"]
[Site "Hamburg"]
[Date "1991.??.??"]
[Round "?"]
[White "Wegner, Hannu"]
[Black "Wirthensohn, Heinz"]
[Result "1/2-1/2"]
[WhiteElo "2435"]
[BlackElo "2460"]

1.d4 Nf6 2.c4 e6 3.Nf3 Bb4+ 4.Bd2 a5 5.g3 O-O 6.Bg2 b6 7.Ne5 Ra7 8.d5 Ba6
9.Bxb4 axb4 10.Nd2 Qe7 11.dxe6 dxe6 12.O-O c5 13.a3 bxa3 14.Rxa3 Bc8 15.Qa1 Rxa3
16.Qxa3 Qc7 17.Ndf3 Nfd7 18.Nxd7 Nxd7 19.Rd1 Ne5 20.Qc3 Nc6 21.e3 Rd8 22.Rxd8+ Qxd8
23.Qd2 Qc7 24.Ng5 Nb4 25.Ne4 Qd7 26.f4 Qxd2 27.Nxd2 Kf8 28.Kf1 f6 29.Ke2 Ke7
30.Be4 h6 31.b3 Bd7 32.Nb1 Kd6 33.Nc3 g5 34.h4 gxh4 35.gxh4 f5 36.Bf3 e5
37.Kd2 exf4 38.exf4 Bc6 39.Bxc6 Nxc6 40.Na4 Nd4 41.Kd3 Ne6 42.Ke3 Kc6 43.Nc3 Nd4
44.Nd5 b5 45.Kd3 Kd6 46.b4 Ne6 47.Kc3 bxc4 48.Kxc4 cxb4 49.Ne3 Nxf4  1/2-1/2

[Event "Hamburg HSK"]
[Site "Hamburg"]
[Date "1991.??.??"]
[Round "1"]
[White "Bach, Matthias"]
[Black "Sievers, Stefan"]
[Result "1/2-1/2"]
[WhiteElo "2300"]
[BlackElo "2340"]

1.d4 Nf6 2.c4 e6 3.Nf3 Bb4+ 4.Bd2 c5 5.Bxb4 cxb4 6.g3 b6 7.Bg2 Bb7 8.O-O O-O
9.a3 bxa3 10.b4 Qe7 11.Qb3 Nc6 12.c5 a5 13.b5 Nb4 14.cxb6 a2 15.Nc3 Ne4 16.Nxa2 Bd5
17.Qa3 Qd6 18.Ne5 Rab8 19.Nxb4 axb4 20.Qd3 f5 21.f3 Nc3 22.e4  1/2-1/2

[Event "Helsingborg-B"]
[Site "Helsingborg"]
[Date "1991.??.??"]
[Round "?"]
[White "Johansson, Victoria"]
[Black "Henriksson, Jakob"]
[Result "1/2-1/2"]
[WhiteElo "2160"]
[BlackElo "2200"]

1.d4 Nf6 2.c4 e6 3.Nf3 Bb4+ 4.Bd2 Bxd2+ 5.Qxd2 Ne4 6.Qc2 d5 7.g3 O-O 8.Bg2 f5
9.O-O Nd7 10.Nbd2 c6 11.b4 a6  1/2-1/2

[Event "Helsinki op"]
[Site "Helsinki"]
[Date "1991.??.??"]
[Round "?"]
[White "Veingold, Aleksandr"]
[Black "Karner, Hillar"]
[Result "1/2-1/2"]
[WhiteElo "2465"]
[BlackElo "2350"]

1.d4 Nf6 2.c4 e6 3.Nf3 Bb4+ 4.Bd2 Qe7 5.g3 Bxd2+ 6.Qxd2 d6 7.Nc3 e5 8.Bg2 O-O
9.O-O Nc6 10.d5 Nb8  1/2-1/2

[Event "Helsinki op"]
[Site "Helsinki"]
[Date "1991.??.??"]
[Round "?"]
[White "Veingold, Aleksandr"]
[Black "Rytshagov, Mikhail"]
[Result "1/2-1/2"]
[WhiteElo "2465"]
[BlackElo "2435"]

1.d4 Nf6 2.c4 e6 3.Nf3 Bb4+ 4.Bd2 Qe7 5.g3 Nc6 6.Bg2 Bxd2+ 7.Nbxd2 d6 8.O-O O-O
9.e4 e5 10.d5 Nb8 11.Ne1 c6 12.Nd3 Nbd7 13.Qc2 a5 14.Rae1 Nc5  1/2-1/2

[Event "Helsinki op"]
[Site "Helsinki"]
[Date "1991.??.??"]
[Round "?"]
[White "Norri, Joose"]
[Black "Kiik, Kalle"]
[Result "1-0"]
[WhiteElo "2325"]
[BlackElo "2425"]

1.d4 Nf6 2.c4 e6 3.Nf3 Bb4+ 4.Bd2 Qe7 5.g3 Nc6 6.Bg2 Bxd2+ 7.Nbxd2 d6 8.O-O O-O
9.e4 e5 10.d5 Nb8 11.Ne1 a5 12.Nd3 Na6 13.f4 c6 14.Kh1 Nd7 15.Qe2 Nb4 16.Ne1 a4
17.a3 Na6 18.Nc2 Ndc5 19.Rae1 f6 20.Ne3 Bd7 21.Nf5 Bxf5 22.exf5 Qd7 23.fxe5 dxe5
24.Rd1 Qc7 25.Qe3 Rad8 26.Nb1 Rd6 27.Nc3 Rfd8 28.Rf2 Qa5 29.Rg1 Nc7 30.g4 cxd5
31.Nxd5 Nxd5 32.Bxd5+ Rxd5 33.cxd5 Rxd5 34.g5 fxg5 35.f6 Nd3 36.Rff1 h6 37.Qh3 Nf4
38.Rxf4 exf4 39.Qe6+ Kh7 40.Qf7  1-0

[Event "HUN-chT"]
[Site "HUN"]
[Date "1991.??.??"]
[Round "?"]
[White "Kormanyos, Zoltan"]
[Black "Bernei, Andras"]
[Result "1/2-1/2"]
[WhiteElo "2315"]
[BlackElo "2360"]

1.d4 Nf6 2.c4 e6 3.Nf3 Bb4+ 4.Bd2 Qe7 5.g3 Nc6 6.Bg2 O-O 7.O-O Bxd2 8.Qxd2 d6
9.Nc3 e5 10.e4 Bg4 11.d5 Bxf3 12.Bxf3 Nd4 13.Bg2 c5 14.Ne2 a6 15.Nxd4 cxd4
16.b4 b6 17.Rfc1 Rfc8 18.Rab1 Rc7 19.Rb2 h6 20.f3 Qd7 21.Bf1 Kh7 22.Rbc2 Qa4
23.Bd3 a5  1/2-1/2

[Event "HUN-chT"]
[Site "HUN"]
[Date "1991.??.??"]
[Round "?"]
[White "Banhazi, Istvan"]
[Black "Eisterer, Heinrich"]
[Result "0-1"]
[WhiteElo "2220"]
[BlackElo "2380"]

1.d4 Nf6 2.c4 e6 3.Nf3 Bb4+ 4.Bd2 a5 5.g3 d6 6.Bg2 Nbd7 7.O-O e5 8.Qc2 Bxd2
9.Nbxd2 O-O 10.e4 Re8 11.d5 c6 12.b3 cxd5 13.cxd5 Nc5 14.Rfe1 Bd7 15.Bf1 Rc8
16.Qb1 b5 17.a3 Qb6 18.b4 Na4 19.bxa5 Qxa5 20.Qb4 Qb6 21.h3 Rc7 22.Rab1 Nc3
23.Rb3 Rec8 24.Nc4 Rxc4 25.Bxc4 Ncxe4 26.Bxb5  0-1

[Event "HUN-chT"]
[Site "HUN"]
[Date "1991.??.??"]
[Round "?"]
[White "Lukacs, Peter"]
[Black "Filep, Tibor"]
[Result "1-0"]
[WhiteElo "2460"]
[BlackElo "2320"]

1.d4 e6 2.c4 Nf6 3.Nf3 Bb4+ 4.Bd2 Qe7 5.g3 Bxd2+ 6.Qxd2 d6 7.Bg2 e5 8.Nc3 c6
9.dxe5 dxe5 10.Qg5 e4 11.Nd2 e3 12.fxe3 h6 13.Qf4 O-O 14.Nde4 Ng4 15.Qd6 Qxd6
16.Nxd6 Nxe3 17.Be4 Na6 18.Nd1 Nxd1 19.Rxd1 Nc5 20.Bc2 a5 21.Kd2 Be6 22.Kc3 Rfd8
23.Rd2 Rd7 24.Rhd1 Kf8 25.a3 Re7 26.e4 b6 27.e5 Rc7 28.Rf1 b5 29.Kd4 Bh3
30.Rff2 Ne6+ 31.Ke3 Rb8 32.cxb5 cxb5 33.Rd5 Ng5 34.Nxb5 Rcb7 35.Bd3 Be6 36.Rc5 Bd7
37.a4 Ne6 38.Rc3 Bxb5 39.Bxb5 Nc7 40.Bc4  1-0